Top 100 Boys' Names Northern Ireland 2018 - Statistics

General Stats
  • This quiz has been taken 232 times
  • The average score is 43 of 103
Answer Stats
# First Letter Name % Correct
1 J James
95%
3 J Jack
85%
60= J John
85%
100= D Danny
84%
8 H Harry
84%
69= D David
78%
29 M Michael
78%
7 O Oliver
78%
9 T Thomas
77%
11 M Matthew
76%
1= N Noah
75%
56= L Liam
73%
4 C Charlie
71%
54 H Henry
68%
90= R Robert
67%
37 P Patrick
66%
42 O Oscar
65%
60= W William
65%
5= J Jacob
64%
16 E Ethan
63%
27 J Joseph
63%
10 L Leo
63%
17 J Joshua
62%
33= L Luke
61%
23 A Adam
59%
5 D Daniel
59%
83= N Nathan
58%
100= S Sam
58%
51 T Tom
58%
50 G George
57%
64 B Ben
56%
44= S Sean
56%
58 A Alex
55%
37= R Ryan
55%
80= Z Zach
55%
67= L Luca
54%
18 F Finn
52%
79 E Eli
51%
39 L Lucas
50%
87 A Aaron
48%
30 J Jake
47%
18= T Theo
46%
20 C Conor
45%
33 F Freddie
45%
48 J Jamie
45%
69= S Samuel
44%
26 A Alexander
43%
32 A Archie
43%
75= E Elijah
43%
93= L Lewis
43%
52= R Rory
43%
14 A Alfie
42%
30= O Ollie
42%
58= T Tommy
42%
69 B Benjamin
41%
41 D Dylan
41%
25 M Mason
41%
21 A Arthur
40%
66 C Callum
39%
33= I Isaac
39%
12 L Logan
36%
100= F Frankie
32%
83= N Niall
32%
28 C Caleb
31%
87= J Jayden
31%
33= M Max
31%
96= T Tyler
31%
23= J Jude
29%
15 O Oisin
28%
83 A Aidan
25%
80 B Bobby
25%
60 C Carter
25%
13 C Cillian
25%
96= K Kai
25%
42= R Reuben
25%
86 H Harrison
24%
60= F Fionn
22%
22 R Ronan
22%
74 H Hunter
21%
72= J Jonah
21%
75= R Riley
20%
49 D Darragh
19%
72 E Ezra
19%
80= J Joel
19%
93 D Dara
18%
52 E Eoin
18%
44= O Odhran
18%
75 C Cian
15%
93= S Seth
14%
90= P Padraig
13%
64= J Jaxon
9%
87= R Ruairi
9%
96= C Cormac
8%
44 D Daithi
8%
47 S Shea
8%
100 B Brodie
7%
78 B Brody
7%
67 A Aodhan
5%
90 C Caolan
5%
40 D Daire
5%
54= L Lorcan
5%
56 C Conan
2%
96 C Cohen
0%
No matching quizzes found
Score Distribution
Percent of People with Each Score
Percentile by Number Answered
Your Score History
You have not taken this quiz